[Event "IBM-B"]
[Site "Amsterdam"]
[Date "1973.??.??"]
[Round "8"]
[White "Bellin, Robert"]
[Black "Jansa, Vlastimil"]
[Result "0-1"]
[WhiteElo "2320"]
[BlackElo "2475"]

1.e4 c5 2.Nf3 e6 3.d4 cxd4 4.Nxd4 Nc6 5.Nc3 a6 6.Be3 Nf6 7.Bd3 Qc7 8.Nb3 b5
9.f4 d6 10.O-O Bb7 11.Qf3 Be7 12.a4 b4 13.Nb1 O-O 14.N1d2 e5 15.Kh1 Rfe8
16.a5 exf4 17.Bb6 Qd7 18.Qxf4 Bd8 19.Nc4 Ne5 20.Nxe5 Rxe5 21.Bd4 Rh5 22.Be2 Rh6
23.e5 Nd5 24.Qd2 Bc7 25.Bf3 dxe5 26.Nc5 Rxh2+ 27.Kg1 Qe7 28.Bf2 e4 29.Nxe4 Rh6
30.g3 Rd8 31.Qe2 Re6 32.Qc4 Nf4 33.Bc5 Qe8 34.Rae1 Bd5 35.Qxb4 Nh3+ 36.Kg2 f5
37.Nf2 Bxf3+  0-1

[Event "Buenos Aires CA"]
[Site "Buenos Aires"]
[Date "1973.??.??"]
[Round "9"]
[White "Rodriguez Vargas, Orestes"]
[Black "Palermo, Vicente"]
[Result "1-0"]
[WhiteElo "2435"]
[BlackElo "2390"]

1.e4 c5 2.Nf3 e6 3.d4 cxd4 4.Nxd4 Nc6 5.Nc3 Qc7 6.g3 a6 7.Bg2 Nf6 8.O-O Nxd4
9.Qxd4 Bc5 10.Bf4 d6 11.Qd2 h6 12.Rad1 e5 13.Be3 Bg4 14.Bxc5 dxc5 15.f3 Be6
16.f4 O-O 17.Qd6 Qa5 18.h3 Rfe8 19.Qd2 Rad8 20.Qe3 Qc7 21.fxe5 Rxd1 22.Rxd1 Qxe5
23.Qf4 Nd7 24.Nd5 Bxd5 25.Rxd5 Qe7 26.Qc7 Nf6 27.Qxe7 Rxe7 28.Rxc5 Nxe4 29.Rc8+ Kh7
30.Rb8 f5 31.g4 g6 32.Bxe4 fxe4 33.Kf2 Kg7 34.Ke3 Kf6 35.h4 h5 36.gxh5 gxh5
37.Rf8+ Kg6 38.Rf4 Rc7 39.c3 Rd7 40.Rxe4 Rd1 41.Rb4 b5 42.a4 Rd5 43.Rd4 Re5+
44.Re4 Kf5 45.Rxe5+ Kxe5 46.a5 Kf5 47.b4 Ke5 48.c4 bxc4 49.b5 Kd6 50.b6  1-0

[Event "Buenos Aires CA"]
[Site "Buenos Aires"]
[Date "1973.??.??"]
[Round "12"]
[White "Campos Lopez, Mario"]
[Black "Cuasnicu, Oscar"]
[Result "0-1"]
[WhiteElo "2390"]
[BlackElo "2370"]

1.e4 c5 2.Nf3 e6 3.d4 cxd4 4.Nxd4 Nc6 5.Nc3 Qc7 6.Be3 a6 7.a3 Nf6 8.f4 d6
9.Qf3 Bd7 10.Bd3 Be7 11.O-O Rc8 12.Rae1 Nxd4 13.Bxd4 e5 14.Be3 exf4 15.Qxf4 O-O
16.Bd4 Be6 17.Nd5 Nh5 18.Qf3 Bxd5 19.exd5 g6 20.g4 Ng7 21.Qf4 Qd7 22.Re3 f5
23.Rfe1 Bh4 24.R1e2 fxg4 25.Qh6 Qf7 26.Qxg7+ Qxg7 27.Bxg7 Kxg7 28.Re4 Bf6
29.Rxg4 Bxb2 30.Re7+ Rf7 31.Rxf7+ Kxf7 32.Rb4 Bxa3 33.Rxb7+ Kg8 34.Bxa6 Rxc2
35.Bb5 Bc5+ 36.Kh1 Rd2 37.Bd7 Bd4 38.Be6+ Kh8 39.Rb8+ Kg7 40.Rb7+ Kh6 41.Bg8 g5
42.Rxh7+ Kg6 43.Rc7 g4 44.Rc1 Be5 45.Be6 Rxh2+ 46.Kg1 Kg5 47.Rc4 Rh4 48.Kg2 Bf4
49.Rc8 Rh2+ 50.Kf1 g3 51.Rf8  0-1

[Event "Chicago"]
[Site "Chicago"]
[Date "1973.??.??"]
[Round "2"]
[White "Weinstein, Norman"]
[Black "Vranesic, Zvonko"]
[Result "1-0"]
[WhiteElo "2200"]
[BlackElo "2425"]

1.e4 c5 2.Nf3 e6 3.d4 cxd4 4.Nxd4 Nc6 5.Nc3 a6 6.g3 Qc7 7.Bg2 Nf6 8.O-O d6
9.Re1 Bd7 10.Nxc6 bxc6 11.Na4 Rb8 12.c4 c5 13.Nc3 Be7 14.f4 Bc6 15.b3 O-O
16.Bb2 Rfe8 17.Qd2 Rbd8 18.Rad1 Nd7 19.g4 Nb6 20.g5 Ba8 21.Re3 d5 22.exd5 Qxf4
23.Rf1 Qd4 24.Qf2 Bxg5 25.Nd1 Qf4 26.Qxf4 Bxf4 27.Rxf4 exd5 28.cxd5 Bxd5
29.Rxe8+ Rxe8 30.Nc3 Be6 31.Na4 g5 32.Re4 f5 33.Re5 Nxa4 34.bxa4 c4 35.Bd5 Kf7
36.Rxf5+ Ke7 37.Rxg5 Rb8 38.Re5 Kd6 39.Rxe6+ Kxd5 40.Re5+ Kd6 41.Re2 Kc5
42.Bc3 Rb1+ 43.Re1 Rxe1+ 44.Bxe1 Kd4 45.Bb4 c3 46.Kf2 Kd3 47.Kf3 c2 48.Ba3 Kd2
49.Kg4 c1=Q 50.Bxc1+ Kxc1 51.Kh5 a5 52.Kh6 Kb2 53.Kxh7 Ka3 54.h4 Kxa4 55.h5 Ka3
56.h6 a4 57.Kg6 Kxa2 58.h7 a3 59.h8=Q Kb1 60.Qb8+ Ka1 61.Qe5+ Kb1 62.Qe1+ Kb2
63.Qb4+  1-0

[Event "Chicago"]
[Site "Chicago"]
[Date "1973.??.??"]
[Round "6"]
[White "Karklins, Andrew"]
[Black "Vranesic, Zvonko"]
[Result "0-1"]
[WhiteElo "2200"]
[BlackElo "2425"]

1.e4 c5 2.Nf3 e6 3.d4 cxd4 4.Nxd4 Nc6 5.Nc3 d6 6.Be3 Nf6 7.Be2 Be7 8.O-O a6
9.f4 Bd7 10.Qe1 O-O 11.Qg3 Nxd4 12.Bxd4 Bc6 13.a4 g6 14.Qe3 Nd7 15.e5 Qa5
16.Ne4 dxe5 17.fxe5 Bxe4 18.Qxe4 Bc5 19.c3 Bxd4+ 20.cxd4 Qb4 21.Ra3 Rad8
22.Rd1 Nb8 23.Qh4 Nc6 24.Rad3 Rd7 25.Rh3 h5 26.Qf6 Rxd4 27.Rf1 Qc5 28.Kh1 Qxe5
29.Qf2 Rd2 30.Re3 Qd4 31.Qg3 Ne7 32.Bd3 Kg7 33.h3 h4 34.Qf3 Nd5 35.Rxe6 Qxd3
36.Rd6 Qxf3 37.Rxf3 Rd1+ 38.Kh2 Ne3 39.Rdf6 Nf5  0-1

[Event "Chicago"]
[Site "Chicago"]
[Date "1973.??.??"]
[Round "10"]
[White "Soltis, Andrew E"]
[Black "Sigurjonsson, Gudmundur"]
[Result "1/2-1/2"]
[WhiteElo "2420"]
[BlackElo "2470"]

1.e4 c5 2.Nf3 Nc6 3.d4 cxd4 4.Nxd4 e6 5.Nc3 a6 6.Nxc6 bxc6 7.e5 Qc7 8.f4 d5
9.exd6 Bxd6 10.Ne4 Bxf4 11.Bxf4 Qxf4 12.Qd4 e5 13.Nd6+ Kf8 14.Qb6 Be6 15.Rd1 Ne7
16.Be2 g6 17.g3 Qg5 18.O-O Kg7 19.Ne4 Qh6 20.Rd3 Nd5 21.Qc5 Bh3 22.c4 Bxf1
23.Bxf1 Rhd8 24.cxd5 cxd5 25.Qe7 dxe4 26.Rxd8 Qe3+ 27.Kg2 Qf3+ 28.Kg1 e3
29.Qf8+ Kf6 30.Rd6+ Kg5 31.Qe7+ f6 32.h4+ Kh6 33.Qxf6 Qxg3+ 34.Bg2 Rc8 35.Rd1 Rc2
36.Qf8+ Kh5 37.Qf3+ Qxf3 38.Bxf3+ Kxh4 39.Bd5 Rxb2 40.Re1 Rd2 41.Bc4  1/2-1/2

[Event "FRG-ch International"]
[Site "Dortmund"]
[Date "1973.??.??"]
[Round "5"]
[White "Westerinen, Heikki MJ"]
[Black "Andersson, Ulf"]
[Result "0-1"]
[WhiteElo "2450"]
[BlackElo "2535"]

1.e4 c5 2.Nf3 e6 3.d4 cxd4 4.Nxd4 Nc6 5.Nc3 Qc7 6.g3 a6 7.Bg2 d6 8.O-O Bd7
9.a4 Nf6 10.Nb3 Be7 11.f4 O-O 12.a5 b6 13.e5 dxe5 14.fxe5 Nxe5 15.Bxa8 Rxa8
16.Qd4 Bc5 17.Nxc5 bxc5 18.Qh4 Bc6 19.Bf4 Bb7 20.Bxe5 Qc6 21.Kf2 Qf3+ 22.Ke1 Qe3+
23.Ne2 Qxe5 24.c3 g5 25.Qa4 Rc8 26.Rd1 Bg2 27.Rxf6 Qxf6 28.Rd6 Rb8 29.Qc2 Qf1+
30.Kd2 Qf2 31.b4 cxb4 32.cxb4 Bf1 33.Qd3 Qxe2+ 34.Qxe2 Bxe2 35.Kxe2 Rxb4
36.h3 h5 37.Rxa6 Ra4 38.Kf3 Ra3+ 39.Kf2 Kg7 40.Ra7 h4 41.gxh4 gxh4 42.Kg2 Kg6
43.a6 e5 44.Ra8 e4 45.Kf2 Kf5 46.Ra7 f6 47.Ra8 Kf4 48.a7 f5 49.Kg2 Ra2+ 50.Kh1 e3
51.Kg1 Ra6 52.Kg2 Ra1 53.Kh2 e2 54.Re8 Kf3 55.Re5 Rxa7 56.Rxf5+ Ke4  0-1

[Event "FRG-ch International"]
[Site "Dortmund"]
[Date "1973.??.??"]
[Round "13"]
[White "Keres, Paul"]
[Black "Gerusel, Mathias"]
[Result "1/2-1/2"]
[WhiteElo "2600"]
[BlackElo "2415"]

1.e4 c5 2.Nf3 e6 3.d4 cxd4 4.Nxd4 Nc6 5.Nc3 a6 6.Nxc6 dxc6 7.Qxd8+ Kxd8 8.Bf4 b5
9.Be2 f6 10.O-O-O+ Ke8 11.e5 f5 12.g4 Bc5 13.gxf5 exf5 14.Bh5+ g6 15.Bf3 Ne7
16.Rd2 Be6 17.Bg5 Rc8 18.a3 Kf7 19.Rhd1 h6 20.Be3 Bxe3 21.fxe3 g5 22.Bh5+ Kg7
23.Rd6 Bf7 24.Bxf7 Kxf7 25.Rf6+ Ke8 26.Rdd6 h5 27.h4 gxh4 28.Rd4 c5 29.Rxh4 Rc6
30.e6 Rf8 31.Rh6 Ng8 32.R6xh5 Rxe6 33.Kd2 Ne7 34.Rh8 Rxh8 35.Rxh8+ Kd7 36.Rh5 Kd6
37.Ne2 Nd5 38.Nf4 Nxf4 39.exf4 Rf6  1/2-1/2

[Event "FRG-ch International"]
[Site "Dortmund"]
[Date "1973.??.??"]
[Round "15"]
[White "Paoli, Enrico"]
[Black "Andersson, Ulf"]
[Result "0-1"]
[WhiteElo "2300"]
[BlackElo "2535"]

1.e4 c5 2.Nf3 e6 3.d4 cxd4 4.Nxd4 Nc6 5.Nc3 a6 6.Be2 Qc7 7.Be3 Nf6 8.a3 Be7
9.f4 d6 10.O-O O-O 11.Qe1 Nxd4 12.Bxd4 b5 13.Qg3 Bb7 14.Rae1 Bc6 15.Bd3 e5
16.fxe5 Nh5 17.Qh3 dxe5 18.Be3 g6 19.g4 Nf4 20.Qh6 Bg5 21.Bxf4 Bxh6 22.Bxh6 Rfe8
23.Rf3 Qe7 24.Ref1 Qh4 25.g5 Qg4+ 26.Kh1 Ra7 27.h3 Qc8 28.Kh2 Qa8 29.Rf6 Rd7
30.R1f2 Red8 31.h4 Qb7 32.a4 Rd6 33.R6f3 R8d7 34.axb5 axb5 35.Kg3 b4 36.Nd5 Bxd5
37.exd5 Qxd5 38.b3 e4 39.Bc4 Qe5+ 40.Rf4 e3  0-1

[Event "USA-ch"]
[Site "El Paso"]
[Date "1973.??.??"]
[Round "2"]
[White "Gilden, Lawrence C"]
[Black "Kavalek, Lubomir"]
[Result "0-1"]
[WhiteElo "2200"]
[BlackElo "2565"]

1.e4 c5 2.Nf3 e6 3.d4 cxd4 4.Nxd4 Nc6 5.Nc3 d6 6.g3 Nf6 7.Bg2 Bd7 8.O-O Be7
9.Ndb5 Qb8 10.Bg5 a6 11.Bxf6 gxf6 12.Nd4 Nxd4 13.Qxd4 Qa7 14.Qxa7 Rxa7 15.a4 Bd8
16.a5 Ke7 17.Nd1 b6 18.axb6 Bxb6 19.Re1 Rc8 20.Re2 a5 21.Rd2 a4 22.c3 Bc6
23.Kf1 Rb8 24.f3 Bc5 25.Ke1 Rb3 26.Bf1 d5 27.exd5 Bxd5 28.f4 a3 29.bxa3 Rbxa3
30.Rxa3 Rxa3 31.Bg2 Bb3 32.Be4 f5 33.Bc2 Ba2 34.Ke2 Bb6 35.Bd3 Ba5 36.Rc2 Bb3
37.Rb2 Bxd1+ 38.Kxd1 Bxc3 39.Rb7+ Kf6 40.Bc2 Bd4 41.Rb3 Ra2 42.Kd2 Bg1 43.h3 h5
44.h4 Bc5 45.Rb5 Bf2 46.Rb3 Kg6 47.Rf3 Bb6 48.Kc1 Bc5 49.Rb3 Ra1+ 50.Bb1 Kf6
51.Rd3 Bg1 52.Rb3 Bh2 53.Kd2 Bxg3 54.Rxg3 Rxb1 55.Rg5 Rh1 56.Rxh5 Kg6 57.Rh8 Kg7
58.Ra8 Rxh4 59.Ke3 Rh3+ 60.Kf2 Rb3 61.Kg2 Re3 62.Kf2 Re4 63.Kg3 f6 64.Kf3 e5
65.fxe5 fxe5 66.Ra6 Kf7 67.Ra7+ Kf6 68.Ra6+ Kg5 69.Re6 Rf4+  0-1

[Event "EU-ch U20 fin-A"]
[Site "Groningen"]
[Date "1973.??.??"]
[Round "8"]
[White "Mestel, A Jonathan"]
[Black "Urzica, Aurel"]
[Result "1-0"]
[WhiteElo "2270"]
[BlackElo "2265"]

1.e4 c5 2.Nf3 e6 3.d4 cxd4 4.Nxd4 Nc6 5.Nc3 a6 6.g3 Nf6 7.Bg2 Qc7 8.O-O Bc5
9.Nxc6 dxc6 10.e5 Qxe5 11.Bf4 Qh5 12.Bf3 Qf5 13.Re1 Be7 14.Re5 Qg6 15.Rg5 Qh6
16.Re5 Qg6 17.Rg5 Qh6 18.Rg4 Qh3 19.Rxg7 e5 20.Bxe5 Qh6 21.Ne4 Qxg7 22.Qd4 c5
23.Nxf6+ Bxf6 24.Bxf6 cxd4 25.Bxg7 Rg8 26.Bxd4 Rg6 27.Re1+ Kd8 28.Bh5 Re6
29.Rd1 Ke7 30.Bc5+ Ke8 31.Bf3 a5 32.Bd5 Re5 33.f4 Rf5 34.Bd6 Ra6 35.Be4 Rh5
36.c4 Rh6 37.c5 Ra7 38.Re1 Kd8 39.Bb8 Ra8 40.Rd1+ Ke8 41.Bd6 Ra7 42.Bc7 Bd7
43.Re1 Kf8 44.Bb8 Ra8 45.Bd6+ Rxd6 46.cxd6 Ra6 47.Rd1 Rb6 48.Rd2 h6 49.Kf2 f5
50.Bf3 Ke8 51.Bh5+ Kd8 52.Bf7 Bc8 53.b3 Kd7 54.Bg6 Ke6 55.Ke3 Bd7 56.Bh7 Kf6
57.Bg8 a4 58.bxa4 Rb4 59.Bb3  1-0

[Event "NLD-ch"]
[Site "Leeuwarden"]
[Date "1973.??.??"]
[Round "3"]
[White "Zuidema, Coenraad"]
[Black "Hartoch, Robert G"]
[Result "1/2-1/2"]
[WhiteElo "2200"]
[BlackElo "2380"]

1.e4 c5 2.Nf3 e6 3.d4 cxd4 4.Nxd4 Nc6 5.Nc3 a6 6.g3 d6 7.Bg2 Bd7 8.O-O Nf6
9.Re1 Be7 10.Nxc6 Bxc6 11.a4 O-O 12.a5 Nd7 13.Be3 Qc7 14.Na4 Rad8 15.Nb6 Rfe8
16.Qd2 Nf6 17.Qc3 Qb8 18.Bf4 Nh5 19.Be3 Nf6 20.Bf4 Nh5 21.Bd2 Nf6 22.Rad1 h6
23.Bf4 Nh5 24.Bc1 Nf6 25.Bf4 Nh5 26.Bc1 Nf6 27.b3 Nd7 28.Nxd7 Rxd7 29.Ba3 Red8
30.Qe3 Qc7 31.Bb4  1/2-1/2

[Event "NLD-ch"]
[Site "Leeuwarden"]
[Date "1973.??.??"]
[Round "6"]
[White "Zuidema, Coenraad"]
[Black "Enklaar, Bertus F"]
[Result "1-0"]
[WhiteElo "2200"]
[BlackElo "2445"]

1.e4 c5 2.Nf3 e6 3.d4 cxd4 4.Nxd4 Nc6 5.Nc3 d6 6.Be2 Nf6 7.O-O Be7 8.Be3 O-O
9.f4 Bd7 10.Nb3 Qc7 11.Kh1 a6 12.a4 b6 13.Bf3 Rab8 14.Qe2 Na5 15.Nd2 Bc8
16.Bf2 Nd7 17.Rad1 Bf6 18.Ndb1 Bb7 19.Bd4 Rbc8 20.Bxf6 Nxf6 21.Na3 Rfd8 22.Qf2 e5
23.f5 Nc6 24.Nd5 Nxd5 25.exd5 Nd4 26.f6 gxf6 27.Bh5 Qe7 28.Rd3 Rc7 29.Bd1 Bc8
30.c3 Nf5 31.Rf3 Ng7 32.Rxf6 Ne8 33.Rh6 f5 34.g4 f4 35.Bc2 Qf8 36.Bxh7+ Kg7
37.Qh4 Qe7 38.Rg6+ Kf7 39.Qh6 Qf8 40.Bg8+  1-0

[Event "NLD-ch"]
[Site "Leeuwarden"]
[Date "1973.??.??"]
[Round "7"]
[White "Van der Weide, Piet"]
[Black "Hartoch, Robert G"]
[Result "1-0"]
[WhiteElo "2290"]
[BlackElo "2380"]

1.e4 c5 2.Nf3 e6 3.d4 cxd4 4.Nxd4 Nc6 5.Nc3 a6 6.Be3 Qc7 7.Nb3 b5 8.f4 Bb7
9.Bd3 d6 10.O-O Nf6 11.a4 b4 12.Nb1 a5 13.N1d2 Be7 14.Qe2 O-O 15.g4 Nd7 16.g5 Rfe8
17.Rf3 Bf8 18.Rh3 g6 19.Qf2 Bg7 20.Rf1 Bc8 21.Nc4 Rb8 22.Bc1 f5 23.gxf6 Nxf6
24.Qh4 d5 25.Ne5 dxe4 26.Bxe4 Ne7 27.Bd3 Bb7 28.Re1 Bd5 29.Nd4 Nf5 30.Qf2 Qc5
31.Nxf5 Qxf2+ 32.Kxf2 exf5 33.Be3 Rbc8 34.Bb6 Bf8 35.Rhe3 Rb8 36.Bd4 Ng4+
37.Nxg4 Rxe3 38.Nxe3 Bf7 39.Bc4 Rc8 40.Bxf7+ Kxf7 41.b3  1-0

[Event "NLD-ch"]
[Site "Leeuwarden"]
[Date "1973.??.??"]
[Round "9"]
[White "Van Baarle, C John"]
[Black "Scholl, Eduard C"]
[Result "0-1"]
[WhiteElo "2320"]
[BlackElo "2400"]

1.e4 c5 2.Nf3 e6 3.Nc3 Nc6 4.d4 cxd4 5.Nxd4 d6 6.Be3 Nf6 7.Bc4 a6 8.Qe2 Qc7
9.O-O-O Na5 10.Bd3 b5 11.g4 Bb7 12.g5 Nd7 13.Rhe1 Nc5 14.Bxb5+ axb5 15.Ndxb5 Qb8
16.b4 Nxe4 17.Nxe4 Bxe4 18.Bf4 Bc6 19.Nxd6+ Bxd6 20.Bxd6 Qb7 21.Qe5 Nc4 22.Qxg7 O-O-O
23.Bc5 Qa6 24.Kb1 Qa3 25.f4 e5  0-1

[Event "DSV-Turnier"]
[Site "Leipzig"]
[Date "1973.??.??"]
[Round "2"]
[White "Jansa, Vlastimil"]
[Black "Schmidt, Wlodzimierz"]
[Result "1/2-1/2"]
[WhiteElo "2475"]
[BlackElo "2455"]

1.e4 c5 2.Nf3 e6 3.d4 cxd4 4.Nxd4 Nc6 5.Nc3 a6 6.Be2 d6 7.O-O Nf6 8.Kh1 Be7
9.f4 O-O 10.Bf3 Qc7 11.g4 Nxd4 12.Qxd4 Nd7 13.g5 Re8 14.b3 Bf8 15.Bb2 b5
16.a4 bxa4 17.Rxa4 Bb7 18.Qd2 Rac8 19.Rc4  1/2-1/2

[Event "DSV-Turnier"]
[Site "Leipzig"]
[Date "1973.??.??"]
[Round "6"]
[White "Vogt, Lothar"]
[Black "Schmidt, Wlodzimierz"]
[Result "1-0"]
[WhiteElo "2440"]
[BlackElo "2455"]

1.e4 c5 2.Nc3 Nc6 3.Nge2 e6 4.d4 cxd4 5.Nxd4 a6 6.Be3 Qc7 7.Bd3 Nf6 8.O-O Ne5
9.h3 Bc5 10.Na4 Ba7 11.c4 d6 12.Rc1 Bd7 13.Nc3 O-O 14.b3 Rac8 15.Bb1 Qb8
16.a4 h6 17.Qd2 Rfd8 18.Rfd1 Be8 19.Kh1 Bc5 20.f4 Ba3 21.Rc2 Bb4 22.Qf2 Nc6
23.Nf3 Nd7 24.Qg3 Bc5 25.Bc1 Qc7 26.f5 Kf8 27.Qh4 Nce5 28.Nxe5 dxe5 29.Rf1 Be7
30.Qg3 Nf6 31.fxe6 fxe6 32.Bb2 Kg8 33.Rcf2 Kh8 34.Nd1 Nh5 35.Qg4 Qd6 36.Ne3 Nf6
37.Qf3 Qc5 38.Ng4 Bh5 39.Qg3 Rd4 40.Nxe5 Nxe4 41.Bxe4  1-0

[Event "DSV-Turnier"]
[Site "Leipzig"]
[Date "1973.??.??"]
[Round "7"]
[White "Zinn, Lothar"]
[Black "Jansa, Vlastimil"]
[Result "1-0"]
[WhiteElo "2435"]
[BlackElo "2475"]

1.e4 c5 2.Nf3 e6 3.d4 cxd4 4.Nxd4 Nc6 5.Nc3 a6 6.g3 d6 7.Bg2 Bd7 8.O-O Nf6
9.Be3 Qc7 10.Nxc6 Bxc6 11.a4 b6 12.Qd4 Rb8 13.Rfd1 Ng4 14.Bc1 Bb7 15.h3 Ne5
16.Kh2 Rc8 17.f4 Nd7 18.Be3 h5 19.Rd2 h4 20.g4 e5 21.Qd3 exf4 22.Bxf4 Ne5
23.Nd5 Bxd5 24.Qxd5 Be7 25.b3 O-O 26.c4 a5 27.Be3 Nd7 28.Rf1 Nc5 29.Rdf2 Bd8
30.g5 g6 31.Bd4 Nxb3 32.Bb2 Qxc4 33.e5 dxe5 34.Rxf7 Rxf7 35.Rxf7 Rc5 36.Qxc4 Rxc4
37.Bd5 Rb4 38.Rd7+ Kf8 39.Rxd8+ Ke7 40.Rg8 Kd6 41.Rd8+ Kc7 42.Rg8 Nd4 43.Ba3 Rxa4
44.Rg7+ Kd8 45.Be7+ Kd7 46.Bc5+ Ke8 47.Bf7+ Kd8 48.Bxb6+ Kc8 49.Rxg6 Rb4
50.Bxd4 exd4 51.Rd6 Kc7 52.Rd5 a4 53.g6 a3 54.g7  1-0

[Event "DSV-Turnier"]
[Site "Leipzig"]
[Date "1973.??.??"]
[Round "8"]
[White "Atanasov, Gospodin"]
[Black "Liebert, Heinz"]
[Result "0-1"]
[WhiteElo "2440"]
[BlackElo "2485"]

1.e4 c5 2.Nf3 e6 3.d4 cxd4 4.Nxd4 Nc6 5.Nc3 a6 6.Be2 Qc7 7.O-O Nf6 8.Be3 Bb4
9.f4 Bxc3 10.bxc3 Nxe4 11.Bd3 d5 12.Nxc6 Qxc6 13.Bd4 O-O 14.Rf3 f6 15.Qe1 Bd7
16.Bxe4 dxe4 17.Re3 Qc7 18.Rxe4 Bc6 19.Rxe6 Qxf4 20.Qe2 Rae8 21.Re1 Qf5 22.Rxe8 Bxe8
23.Qd3 Qd5 24.c4 Qc6 25.c5 Bf7 26.a3 Re8 27.Rxe8+ Qxe8 28.Qg3 Bg6 29.h3 Qe4
30.c3 h5 31.Qb8+ Be8 32.Qg3 Kh7 33.h4 Bc6 34.Kh2 Qc2 35.Bg1 Be4 36.Bf2 Qa2
37.Qf4 Qd5 38.Qg3 a5 39.Kg1 a4 40.Kh2 Qa2 41.Qf4 Qc2 42.Qg3 Qb2 43.Qf4 Bg6
44.Bd4 Qxa3 45.Qc7 Qb3 46.Bxf6 Qf7 47.Qxf7 Bxf7 48.Be7 Bd5 49.c6 Bxc6 50.Kg3 Kg6
51.Kf2 Kf7 52.Ba3 Ke6 53.c4 Kf5 54.g3 Ke4 55.Ke2 Kd4 56.c5 Kc3 57.Kd1 Kb3
58.Bc1 Bf3+  0-1

[Event "DSV-Turnier"]
[Site "Leipzig"]
[Date "1973.??.??"]
[Round "12"]
[White "Hennings, Artur"]
[Black "Balashov, Yuri S"]
[Result "1/2-1/2"]
[WhiteElo "2435"]
[BlackElo "2580"]

1.e4 c5 2.Nf3 Nc6 3.d4 cxd4 4.Nxd4 e6 5.Nc3 d6 6.Be2 Nf6 7.O-O Be7 8.Be3 Bd7
9.f4 Nxd4 10.Bxd4 Bc6 11.Bd3 O-O 12.Kh1 Nd7 13.Qe2 e5 14.fxe5 Nxe5 15.Bxe5 dxe5
16.Bc4 g6 17.Rad1 Qc7 18.Nd5 Bxd5 19.Bxd5 Rad8 20.Qe3 Rd7 21.Qxa7 Qxc2 22.Qe3 Kg7
23.Rc1 Qxb2 24.Qh3 Rd6 25.Rc7 Rf6 26.g3 Qe2 27.Rxf6 Bxf6 28.Qg2  1/2-1/2

[Event "CSR-ch"]
[Site "Luhacovice"]
[Date "1973.??.??"]
[Round "3"]
[White "Kholmov, Ratmir D"]
[Black "Doda, Zbigniew"]
[Result "1-0"]
[WhiteElo "2550"]
[BlackElo "2390"]

1.e4 c5 2.Nf3 e6 3.d4 cxd4 4.Nxd4 Nc6 5.Nc3 a6 6.g3 d6 7.Bg2 Bd7 8.O-O Nf6
9.Be3 Be7 10.Nb3 b5 11.f4 O-O 12.g4 b4 13.Nb1 a5 14.N1d2 a4 15.Nc1 d5 16.e5 Ne8
17.Nd3 Nc7 18.Nf3 Nb5 19.Kh1 a3 20.b3 Nc3 21.Qe1 Ne4 22.Nd2 Nc3 23.Qg3 f6
24.exf6 Bxf6 25.Bc5 Be7 26.Qe3 Re8 27.Nf3 Bxc5 28.Qxc5 Ne4 29.Qe3 Rc8 30.g5 Nd6
31.Rae1 Nf5 32.Qf2 d4 33.Re4 Nd6 34.Ree1 Nf5 35.Bh3 Qb6 36.Nd2 Ne3 37.Nc4 Nxc4
38.bxc4 Ne7 39.c5 Qb7+ 40.Bg2 Bc6 41.Rxe6 Bxg2+ 42.Qxg2 Qxg2+ 43.Kxg2 Nd5
44.Rxe8+ Rxe8 45.Kf2 Rf8 46.Kf3 Re8 47.Re1 Rxe1 48.Nxe1 Kf7 49.f5 Ke7 50.Nd3 Kd7
51.h4 Ne3 52.f6 gxf6 53.gxf6 Nf5 54.Ke4 Nxh4 55.Ne5+  1-0

[Event "CSR-ch"]
[Site "Luhacovice"]
[Date "1973.??.??"]
[Round "7"]
[White "Plachetka, Jan"]
[Black "Doda, Zbigniew"]
[Result "1/2-1/2"]
[WhiteElo "2380"]
[BlackElo "2390"]

1.e4 c5 2.Nf3 e6 3.d4 cxd4 4.Nxd4 Nc6 5.Nc3 a6 6.Be2 Qc7 7.f4 b5 8.Nxc6 Qxc6
9.Bf3 Bb7 10.Be3 Rc8 11.Qd3 Qc4 12.O-O-O Nf6 13.Bd4 Qxd3 14.Rxd3 b4 15.e5 Bxf3
16.exf6 bxc3 17.Rxf3 cxb2+ 18.Kxb2 gxf6 19.Bxf6 Rg8 20.g3 Be7 21.Bd4 Rc4
22.c3 f5 23.Kb3 Rc6 24.Rb1 Kf7 25.Kc2 Rgc8 26.Rd3 d6 27.Rb3 R8c7 28.Rb8 Rc8
29.Rxc8 Rxc8 30.Rd1 Rb8 31.c4 Ke8 32.Bc3 Kd7 33.a3 Rc8 34.Kd3 Rb8 35.Kc2  1/2-1/2

[Event "CSR-ch"]
[Site "Luhacovice"]
[Date "1973.??.??"]
[Round "12"]
[White "Adorjan, Andras"]
[Black "Doda, Zbigniew"]
[Result "1/2-1/2"]
[WhiteElo "2475"]
[BlackElo "2390"]

1.e4 c5 2.Nf3 e6 3.d4 cxd4 4.Nxd4 Nc6 5.Nc3 a6 6.Be2 d6 7.O-O Nf6 8.Be3 Bd7
9.f4 Be7 10.Qe1 b5 11.Bf3 Rc8 12.e5 dxe5 13.Nxc6 Bxc6 14.fxe5 Nd5 15.Bxd5 Bxd5
16.Qg3 g6 17.Rad1 O-O 18.Nxd5 exd5 19.Bh6 Re8 20.Kh1 Qd7 21.Rd2 Bf8 22.Bxf8 Rxf8
23.c3 Rcd8 24.Rf6 Rfe8 25.Rdf2 Qe7 26.Rxf7 Qxe5 27.Qh3 Qh5 28.Qxh5 gxh5 29.g3 d4
30.cxd4 Rxd4 31.Ra7 h4 32.Kg2 hxg3 33.hxg3 Rd6 34.Rff7 Rg6 35.Rxh7 Re3 36.Kf2 Rexg3
37.Rhb7 Rg2+ 38.Ke3 R2g3+ 39.Kd4 R3g4+ 40.Kc3 Rg3+ 41.Kb4 R3g4+ 42.Ka3 Ra4+
43.Kb3 Rg3+ 44.Kc2 Rc4+ 45.Kd2 Rc8 46.Rc7 Rxc7 47.Rxc7 Kf8 48.a3 Ke8 49.Rc6 a5
50.Rc5 Rb3 51.Kc2 a4 52.Rc3 Rxc3+ 53.Kxc3 Kd7 54.Kd4  1/2-1/2

[Event "Madrid"]
[Site "Madrid"]
[Date "1973.??.??"]
[Round "1"]
[White "Kaplan, Julio P"]
[Black "Portisch, Lajos"]
[Result "1/2-1/2"]
[WhiteElo "2455"]
[BlackElo "2650"]

1.e4 c5 2.Nf3 e6 3.d4 cxd4 4.Nxd4 Nc6 5.Nc3 Qc7 6.g3 a6 7.Bg2 Nf6 8.O-O d6
9.Re1 Bd7 10.Nxc6 bxc6 11.b3 Be7 12.Bb2 e5 13.Qe2 O-O 14.Nd1 a5 15.Ne3 a4
16.Nf5 Bxf5 17.exf5 Rfe8 18.c4 axb3 19.axb3 Rab8 20.Qc2 Nd7 21.Bc3 Nc5 22.b4 Nd7
23.Ra6  1/2-1/2

[Event "Madrid"]
[Site "Madrid"]
[Date "1973.??.??"]
[Round "5"]
[White "Kaplan, Julio P"]
[Black "Andersson, Ulf"]
[Result "0-1"]
[WhiteElo "2455"]
[BlackElo "2555"]

1.e4 c5 2.Nf3 e6 3.d4 cxd4 4.Nxd4 Nc6 5.Nc3 a6 6.Be2 Qc7 7.O-O Nf6 8.Kh1 d6
9.f4 Be7 10.a4 O-O 11.Be3 Rd8 12.Qe1 Nxd4 13.Bxd4 e5 14.Be3 exf4 15.Bxf4 Be6
16.Bg5 Ne8 17.Qh4 Bxg5 18.Qxg5 Rd7 19.Bd3 Qb6 20.Nd5 Bxd5 21.exd5 Qd8 22.Qf5 g6
23.Qf4 Re7 24.Qh6 Nc7 25.c4 a5 26.Rf3 Qf8 27.Qh4 Rae8 28.Qf2 Na6 29.Qb6 Nc5
30.Bf1 Re3 31.Rxe3 Rxe3 32.Qxa5 Qe7 33.Rb1 Qe4 34.Rd1 Qe5 35.Qd2 Nb3 36.Qf2 Kg7
37.Kg1 b6 38.Rd3 Rxd3 39.Bxd3 Nc5 40.Bf1 Nxa4 41.b3 Nc5 42.b4 Nd7 43.Qd2 h6
44.g3 Qa1 45.Kg2 Qa3 46.Be2 Ne5 47.Kf2 h5 48.Kg2 Kf8 49.Kh3 Kg8 50.Kh4 Qf3
51.Bd1 Qe4+ 52.Qf4 Qxf4+ 53.gxf4 Nxc4 54.Bb3 Ne3 55.Kg3 Nf5+ 56.Kf2 Kg7 57.Bd1 Kf6
58.Bf3 Nd4 59.Bd1 Nb5 60.Ke3 Nc7 61.Ke4 Na6 62.b5 Nc7 63.Be2 h4 64.h3 Kg7
65.f5 g5 66.Bc4 Ne8 67.Bb3 Nf6+ 68.Kf3 Kh6 69.Bc4 g4+  0-1

[Event "Netanya-B"]
[Site "Netanya"]
[Date "1973.??.??"]
[Round "5"]
[White "Levy, David Neil Lawrence"]
[Black "Ginsberger, Alexander"]
[Result "1/2-1/2"]
[WhiteElo "2350"]
[BlackElo "2200"]

1.e4 c5 2.Nf3 Nc6 3.d4 cxd4 4.Nxd4 e6 5.Nc3 d6 6.Be3 Nf6 7.Bc4 Be7 8.Qe2 Nxd4
9.Bxd4 a6 10.Bb3 O-O 11.O-O-O Qc7 12.Rhg1 b5 13.g4 Nd7 14.g5 Nc5 15.Qh5 Nxb3+
16.axb3 g6 17.Qh6 f6 18.Rd3 e5 19.Nd5 Qd8 20.Bb6 Qd7 21.Rf3 fxg5 22.Rxf8+ Bxf8
23.Qxg5 Bg7 24.Be3 Rb8 25.Qh4 Bb7 26.Ne7+ Kf8 27.Bg5 Re8 28.Nd5 Bxd5 29.exd5 e4
30.Rg4 Kg8 31.Rxe4 h6 32.Be3 Rxe4 33.Qxe4 g5 34.Qg6 Qe7 35.Kb1 Qe5 36.c3 Qxd5
37.Bd4 Qf7 38.Qxd6 Bxd4 39.Qd8+ Kh7 40.Qxd4 Qxb3  1/2-1/2

[Event "Netanya-A"]
[Site "Netanya"]
[Date "1973.??.??"]
[Round "10"]
[White "Peretz, Malkiel"]
[Black "Damjanovic, Mato"]
[Result "1-0"]
[WhiteElo "2365"]
[BlackElo "2465"]

1.e4 c5 2.Nf3 Nc6 3.d4 cxd4 4.Nxd4 e6 5.Nc3 Qc7 6.Be2 a6 7.O-O Nf6 8.Kh1 Bb4
9.Nxc6 dxc6 10.f4 Bxc3 11.bxc3 O-O 12.e5 Nd5 13.Bd3 b5 14.Qh5 f5 15.exf6 Nxf6
16.Qh4 c5 17.c4 Bb7 18.Qh3 bxc4 19.Qxe6+ Kh8 20.Bxc4 Rad8 21.Rb1 Rd4 22.Bxa6 Bd5
23.Qe2 Re8 24.Qf2 Ne4 25.Qh4 Nc3 26.Rb3 Bxb3 27.axb3 Qe7 28.Qxe7 Rxe7 29.Bb2 Rd6
30.Bd3 Nd5 31.f5 Nf6 32.h3 h6 33.Ra1 h5 34.Ra5 Rd5 35.Ra6 Rf7 36.Kh2 Rf8
37.Kg3 Rdd8 38.Kh4 Ra8 39.Rc6 Rac8 40.Ra6 Ra8 41.Rc6 Rac8 42.Rxc8 Rxc8 43.Kg5 Rc6
44.g4 hxg4 45.hxg4 Nd5 46.Be5 Nb4 47.Be4 Rc8 48.Kg6 Re8 49.Bxg7+ Kg8 50.f6 Re6
51.g5 Nc6 52.Bxc6 Rxc6 53.Kh6 Rc7 54.g6  1-0

[Event "Netanya-B"]
[Site "Netanya"]
[Date "1973.??.??"]
[Round "11"]
[White "Bar Nir, A."]
[Black "Ginsberger, Alexander"]
[Result "0-1"]
[WhiteElo "2200"]
[BlackElo "2200"]

1.e4 c5 2.Nf3 Nc6 3.d4 cxd4 4.Nxd4 e6 5.Nc3 Qc7 6.Be3 a6 7.Be2 Nf6 8.O-O Bb4
9.Bd3 Ne5 10.h3 b5 11.f4 Nc4 12.Bxc4 Qxc4 13.e5 Bxc3 14.exf6 Bxb2 15.Re1 gxf6
16.Nf5 Qc6 17.Nd6+ Ke7 18.Nf5+ Kd8 19.Nd4 Qd5 20.Rb1 Rg8 21.Nxe6+ dxe6 22.Bb6+ Kd7
23.Qxd5+ exd5 24.Rxb2 Kc6 25.Bd4 Bxh3 26.c3 Rg6 27.a4 Rag8 28.axb5+ axb5
29.Ree2 Bf5 30.Ra2 Be4 31.Ra6+ Kd7 32.Raa2 Ke6 33.Rf2 Kf5 34.Kh2 Rg4 35.Kh3 R8g6
36.Kh2 Rh4+ 37.Kg1 Rxf4 38.Rxf4+ Kxf4 39.Rf2+ Kg5 40.Be3+ Kh5 41.Kh2 f5 42.Ra2 Rc6
43.Bd2 Kg4 44.Ra7 Rf6 45.Rb7 f4 46.Rxb5 f3 47.gxf3+ Rxf3 48.Kg1 Rg3+ 49.Kf2 Rg2+
50.Ke3 f5  0-1

[Event "Oslo CI"]
[Site "Oslo"]
[Date "1973.??.??"]
[Round "2"]
[White "Hoen, Ragnar"]
[Black "Poulsson, Eivind"]
[Result "1/2-1/2"]
[WhiteElo "2385"]
[BlackElo "2390"]

1.e4 e6 2.Nc3 c5 3.Nf3 Nc6 4.d4 cxd4 5.Nxd4 d6 6.Be3 Nf6 7.Be2 Be7 8.O-O O-O
9.f4 Bd7 10.Nb3 a6 11.Bf3 Qc7 12.Qd2 b5 13.Rad1 Rfd8 14.Qf2 Rab8 15.Qg3 b4
16.Ne2 Na5 17.e5 Ne8 18.Be4 Nxb3 19.axb3 Bb5 20.Qh3 g6 21.f5 exf5 22.Rxf5 Bd7
23.e6 Bxe6 24.Nd4 Bxf5 25.Nxf5 Bf8 26.Bd4 gxf5 27.Bxf5 f6 28.Rd3 Rb5 29.Rg3+ Kh8
30.Bg6 Qe7 31.Re3 Re5 32.Bxe5 dxe5 33.Qh5 Qg7 34.Rh3 Bc5+ 35.Kf1 Qd7 36.Rd3 Nd6
37.Rh3 Nb5 38.Bd3 e4 39.Qg6 Qg7 40.Rxh7+ Qxh7 41.Qxf6+ Qg7 42.Qh4+ Qh7  1/2-1/2